Dello Stato.

Contenido: - Introduzione. - Libro primo. - Libro secondo. - Piano dell'opera.

Furkejuvvon:
Bibliográfalaš dieđut
Váldodahkki: Cicerone, Marco Tullio (autore)
Eará dahkkit: Resta Barrile, Anna (a cura di)
Materiálatiipa: Girji
Almmustuhtton: Firenze, Italia: Arnoldo Mondadori, 1994.
Preanttus:I edizione.
Ráidu:Classici Greci e Latini.
Fáttát:
Fáddágilkorat: Lasit fáddágilkoriid
Eai fáddágilkorat, Lasit vuosttaš fáddágilkora!

MARC

LEADER 00000nam a22000007a 4500
003 CL-VaPUC
005 20220822114514.0
008 220620b1994 ||||| |||| 00| 0 eng d
999 |c 436154  |d 436152 
020 |a 88-04-38757-2 
040 |c Pontificia Universidad Católica de Valparaíso 
082 7 |a 320.1 CIC 1994  |2 22 
100 |a Cicerone, Marco Tullio   |9 867697  |e autore 
245 2 |a Dello Stato. 
250 |a I edizione.  
260 |a Firenze, Italia:   |b Arnoldo Mondadori,   |c 1994. 
300 |a 283 páginas.  
490 |a Classici Greci e Latini. 
500 |a c.1 Donación Familia Prof. Alejandro Guzmán Brito. 
520 |a Contenido: - Introduzione. - Libro primo. - Libro secondo. - Piano dell'opera. 
583 |c 20220324  |k Cristina María Rojas Aguilar 
650 |a Estado  |9 255503 
650 |a Ciencia política  |9 324218 
700 |a Resta Barrile, Anna  |e a cura di   |9 867699 
942 |2 ddc  |c BK  |n 0 
952 |0 0  |1 0  |2 ddc  |4 0  |6 320_100000000000000_CIC_1994  |7 0  |8 C_AGB  |9 583893  |a BIBDER  |b BIBDER  |d 2022-06-20  |e Donación   |i 5652006  |o 320.1 CIC 1994  |p 5652006  |r 2023-01-25  |t 1  |w 2022-06-20  |y BK_US  |k AGB